|
|
|
|
| LEADER |
00000nab#a22000007a#4500 |
| 001 |
arbauad010985 |
| 003 |
AR-BaUAD |
| 005 |
20250711111141.0 |
| 008 |
950515|||||||||###||||||b###|0###a|spa|| |
| 040 |
|
|
|a AR-BaUAD
|c AR-BaUAD
|b spa
|
| 245 |
1 |
0 |
|a Il lusso nascosto e il lusso esibito
|
| 300 |
0 |
|
|b fot.
|
| 500 |
|
|
|a El lujo escondido y el lujo exhibido. La elegancia esencial y aquella fastuosa. La modernidad y la tradición en la Couture.
|
| 653 |
|
|
|a FRANCIA
|
| 653 |
|
|
|a PARIS
|
| 653 |
|
|
|a MODA
|
| 653 |
|
|
|a COLORES
|
| 653 |
|
|
|a ESTILOS
|
| 653 |
|
|
|a TENDENCIAS
|
| 653 |
|
|
|a MARCAS
|
| 653 |
|
|
|a ALTA COSTURA
|
| 653 |
|
|
|a DISEÑADORES DE INDUMENTARIA
|
| 653 |
|
|
|a DISEÑO DE INDUMENTARIA
|
| 653 |
|
|
|a INDUMENTARIA FEMENINA
|
| 653 |
|
|
|a YVES SAINT LAURENT
|
| 653 |
|
|
|a JEAN LOUIS SCHERRER
|
| 653 |
|
|
|a CHRISTIAN LACROIX
|
| 653 |
|
|
|a GIVENCHY
|
| 773 |
0 |
|
|t Vogue Italia
|g no. 535 [mar. 1995] - Suplemento, p. 242-253
|
| 942 |
|
|
|c ARTI
|
| 952 |
|
|
|0 0
|1 0
|4 0
|7 0
|9 55905
|a AR-BAuAD
|b AR-BAuAD
|d 2025-07-11
|l 0
|p AAQA010985
|r 2025-07-11 11:11:41
|w 2025-07-11
|y ARTI
|
| 990 |
|
|
|a DT199
|b TD
|
| 998 |
|
|
|a AAQ
|b BIBUN76
|
| 999 |
|
|
|c 35578
|d 35578
|